| 000 | 00358nam a2200145Ia 4500 | ||
|---|---|---|---|
| 008 | 230917s9999||||xx |||||||||||||| ||und|| | ||
| 040 |
_e58253 _aMAIN |
||
| 041 | _aEnglish | ||
| 082 | _a821.8 W644C | ||
| 100 | _aWilde, Oscar | ||
| 245 | 0 | _aComplete works of Oscar Wilde | |
| 260 |
_aLondon _bCollins and Glasgaw _c1975 |
||
| 300 | _a1216 p. | ||
| 942 | _cBK | ||
| 999 |
_c185168 _d185168 |
||